| 000 | 00525nam a22001697a 4500 | ||
|---|---|---|---|
| 005 | 20240702092309.0 | ||
| 008 | 240702b |||||||| |||| 00| 0 eng d | ||
| 020 | _a978-969-417-114-2 | ||
| 082 |
_a330 _bJAL-F |
||
| 100 | _aJalal Ud Din , Muhammad | ||
| 245 |
_aFundamentals of Economics/ _bMicro Economics, Basic Mathematics and Statistics/ _cMuhammad Jalal Ud Din |
||
| 260 |
_aIslamabad; _bHEC; _c2008 |
||
| 300 |
_axxii, 354 p.: _bill; _c24 cm. |
||
| 500 | _aInclude Bibliography | ||
| 650 | _aEconomics | ||
| 999 |
_c36006 _d36006 |
||